Business and professional communication : (Record no. 628)

000 -LEADER
fixed length control field 01152cam a2200325 a 4500
003 - CONTROL NUMBER IDENTIFIER
control field OSt
005 - DATE AND TIME OF LATEST TRANSACTION
control field 20210616073511.0
008 - FIXED-LENGTH DATA ELEMENTS--GENERAL INFORMATION
fixed length control field 090511s2010 maua b 001 0 eng
020 ## - INTERNATIONAL STANDARD BOOK NUMBER
International Standard Book Number 9780205485918
020 ## - INTERNATIONAL STANDARD BOOK NUMBER
International Standard Book Number 020548591X
040 ## - CATALOGING SOURCE
Transcribing agency DLC
050 00 - LIBRARY OF CONGRESS CALL NUMBER
Classification number HD30.3
Item number .B42 2010
100 1# - MAIN ENTRY--PERSONAL NAME
Personal name Beebe, Steven A.,
Dates associated with a name 1950-
245 10 - TITLE STATEMENT
Title Business and professional communication :
Remainder of title principles and skills for leadership /
Statement of responsibility, etc. Steven A. Beebe, Timothy P. Mottet.
260 ## - PUBLICATION, DISTRIBUTION, ETC.
Place of publication, distribution, etc. Boston, MA :
Name of publisher, distributor, etc. Allyn & Bacon,
Date of publication, distribution, etc. c2010.
300 ## - PHYSICAL DESCRIPTION
Extent xxvii, 432 p. :
Other physical details ill. (chiefly col.) ;
Dimensions 28cm.
504 ## - BIBLIOGRAPHY, ETC. NOTE
Bibliography, etc. note Includes bibliographical references and index.
650 #0 - SUBJECT ADDED ENTRY--TOPICAL TERM
Topical term or geographic name entry element Communication in management.
650 #0 - SUBJECT ADDED ENTRY--TOPICAL TERM
Topical term or geographic name entry element Business communication.
650 #0 - SUBJECT ADDED ENTRY--TOPICAL TERM
Topical term or geographic name entry element Leadership.
650 #0 - SUBJECT ADDED ENTRY--TOPICAL TERM
Topical term or geographic name entry element Communication.
700 1# - ADDED ENTRY--PERSONAL NAME
Personal name Mottet, Timothy P.
906 ## - LOCAL DATA ELEMENT F, LDF (RLIN)
a 7
b cbc
c orignew
d 1
e ecip
f 20
g y-gencatlg
942 ## - ADDED ENTRY ELEMENTS (KOHA)
Source of classification or shelving scheme
Koha item type Book
Suppress in OPAC DO
Holdings
Withdrawn status Lost status Source of classification or shelving scheme Damaged status Not for loan Permanent Location Current Location Shelving location Date acquired Total Checkouts Full call number Barcode Date last seen Price effective from Koha item type Public note
          AU LIBRARY AU LIBRARY Open Shelf 16.06.2021   HD30.3 .B42 2010 28001109 16.06.2021 16.06.2021 Book DO

Powered by Koha